[Event "Gonzaga Masters 2020"]
[Site "Dublin IRL"]
[Date "2020.01.26"]
[Round "5.15"]
[White "Brewer, Callum"]
[Black "O'Gorman, Alice"]
[Result "1-0"]
[WhiteElo "2134"]
[BlackElo "1906"]
[BlackICU "1820"]
[BlackClub "T.C.D."]
[WhiteNationality "ENG"]
[BlackNationality "IRL"]
[WhiteFideId "435309"]
[BlackFideId "2508214"]
[PlyCount "155"]
[EventDate "2020.01.24"]
[Source "Live boards"]

{ Event information: <a
href="http://www.irlchess.com/gonzaga2020_allfiles/pairings_gonzaga2020.html">Tournament
report</a>. }

1. d4 d5 2. c4 e6 3. Nc3 Nf6 4. cxd5 exd5 5. Bg5 Be7 6. e3 c6 7. Bd3 Nbd7
8. Qc2 Nh5 9. Bxe7 Qxe7 10. Nge2 g6 11. O-O O-O 12. a3 Ndf6 13. Rfe1 Ng7
14. Ng3 h5 15. f3 h4 16. Nf1 c5 17. dxc5 Qxc5 18. Qf2 Bf5 19. Red1 Rad8 20.
Rac1 Bxd3 21. Rxd3 Nf5 22. Rcd1 Rfe8 23. e4 Qxf2+ 24. Kxf2 Ne7 25. Ne3 Rc8
26. exd5 Nd7 27. Rd4 a6 28. Rxh4 Red8 29. Rhd4 Kg7 30. h4 Ng8 31. Rh1 Ngf6
32. g4 Nb6 33. Rhd1 Nbd7 34. Ne2 Ne8 35. Ng3 Nd6 36. h5 Re8 37. f4 Nb6 38.
Kf3 Nbc4 39. Nxc4 Rxc4 40. Rxc4 Nxc4 41. hxg6 fxg6 42. Rd4 b5 43. a4 Nxb2
44. axb5 axb5 45. Rb4 Nd3 46. Rb3 Ne1+ 47. Kf2 b4 48. Ne2 Nc2 49. Rb2 Ne3
50. Rxb4 Nxd5 51. Rd4 Nf6 52. g5 Ng8 53. Nc3 Re7 54. Ne4 Ra7 55. Nc5 Ne7
56. Kf3 Nf5 57. Rd7+ Rxd7 58. Nxd7 Nd6 59. Ke3 Nf5+ 60. Ke4 Nh4 61. Ne5 Nf5
62. Kd5 Nh4 63. Ke6 Ng2 64. Nd3 Nh4 65. Ne1 Nf5 66. Nf3 Ng3 67. Nd4 Nh5 68.
Ne2 Kh7 69. Kf7 Ng7 70. Nd4 Nh5 71. Ne6 Ng3 72. Nf8+ Kh8 73. Nxg6+ Kh7 74.
Ne7 Nh5 75. f5 Kh8 76. f6 Nf4 77. g6 Nxg6 78. Nxg6+ 1-0

[Event "Gonzaga Masters 2020"]
[Site "Dublin IRL"]
[Date "2020.01.26"]
[Round "5.18"]
[White "Gupta, Utkarsh"]
[Black "Casey, Eoghan"]
[Result "0-1"]
[WhiteElo "1853"]
[BlackElo "1974"]
[WhiteICU "1816"]
[BlackICU "1875"]
[WhiteClub "Dun Laoghaire"]
[BlackClub "Gonzaga"]
[WhiteNationality "IRL"]
[BlackNationality "IRL"]
[WhiteFideId "2510790"]
[BlackFideId "2502178"]
[PlyCount "72"]
[EventDate "2020.01.24"]
[Source "Live boards"]

{ Event information: <a
href="http://www.irlchess.com/gonzaga2020_allfiles/pairings_gonzaga2020.html">Tournament
report</a>. }

1. e4 c5 2. Nf3 d6 3. d4 cxd4 4. Nxd4 Nf6 5. Nc3 g6 6. Be3 Bg7 7. f3 O-O 8.
Qd2 Nc6 9. O-O-O d5 10. Nxc6 bxc6 11. Bh6 Bxh6 12. Qxh6 Rb8 13. Qe3 Qa5 14.
e5 Nd7 15. e6 Nc5 16. exf7+ Rxf7 17. h4 Qb4 18. b3 Qa3+ 19. Kd2 Rb7 20. Ke1
e5 21. h5 Bf5 22. hxg6 Bxg6 23. Nb1 Qa5+ 24. c3 d4 25. Qg5 e4 26. f4 Rf5
27. Bc4+ Kf8 28. Qh6+ Ke8 29. Rxd4 Qxa2 30. Nd2 Qa1+ 31. Ke2 Qxc3 32. Rd6
Qg3 33. Rh2 Rxf4 34. Rxc6 Nd3 35. Re6+ Kd8 36. Rxg6 Qe1# 0-1